000
00339nam a22001457a 4500
008
211020b ||||| |||| 00| 0 eng d
020
_a
9781285195698
041
_a
eng
080
_2
6th
_a
510
082
_a
510
100
_a
36
101
_a
MAT
245
_a
Elementary Geometry for College Students
_c
Alexander,D.C
942
_2
udc
_c
BK
999
_c
58307
_d
58307